The work from home handbook : (Record no. 17510)

000 -LEADER
fixed length control field 00759cam a2200241 a 4500
020 ## - INTERNATIONAL STANDARD BOOK NUMBER
ISBN 1413307019 (pbk.) :
020 ## - INTERNATIONAL STANDARD BOOK NUMBER
ISBN 9781413307016 (pbk.)
040 ## - CATALOGING SOURCE
Transcribing agency DLC
082 00 - DEWEY DECIMAL CLASSIFICATION NUMBER
Classification number 658 NOL 2008 A116 Or.
100 1# - MAIN ENTRY--AUTHOR NAME
Personal name Fitzpatrick, Diana.
245 14 - TITLE STATEMENT
Title The work from home handbook :
Remainder of title flex your time, improve your life /
246 1# - VARYING FORM OF TITLE
Title proper/short title USA today
246 14 - VARYING FORM OF TITLE
Title proper/short title USA today, the work from home handbook :
Remainder of title flex your time, improve your life
250 ## - EDITION STATEMENT
Edition statement 1st ed.
260 ## - PUBLICATION, DISTRIBUTION, ETC. (IMPRINT)
Place of publication Berkeley, CA :
Name of publisher Nolo,
Year of publication c2008.
300 ## - PHYSICAL DESCRIPTION
Number of Pages 152 p. :
Other physical details ill. ;
Dimensions 23 cm.
500 ## - GENERAL NOTE
General note Includes index.
650 #0 - SUBJECT ADDED ENTRY--TOPICAL TERM
Topical Term Home-based businesses
650 #0 - SUBJECT ADDED ENTRY--TOPICAL TERM
Topical Term Telecommuting
700 1# - ADDED ENTRY--PERSONAL NAME
Personal name Fishman, Stephen.
856 41 - ELECTRONIC LOCATION AND ACCESS
Uniform Resource Identifier http://www.loc.gov/catdir/toc/fy0804/2007035635.html
942 ## - ADDED ENTRY ELEMENTS (KOHA)
Koha item type ADB
952 ## - LOCATION AND ITEM INFORMATION (KOHA)
Withdrawn status [LOCAL, KOHA] 0
Holdings
Permanent Location Date acquired Koha item type Lost status Shelving location Barcode Current Location Full call number
Library Block A2018-12-04សៀវភៅភាសាអង់គ្លេស A116A36400Library Block A658 NOL 2008 A116 Or.
មជ្ឈមណ្ឌលឯការនៃសាកលវិទ្យាល័យភូមិន្ទកសិកម្មចំការដូង

Powered by Koha